MARC details
| 000 -CABECERA |
| campo de control de longitud fija |
01854nam a2200337 i 4500 |
| 003 - IDENTIFICADOR DEL NÚMERO DE CONTROL |
| campo de control |
DO-SdBNP |
| 005 - FECHA Y HORA DE LA ÚLTIMA TRANSACCIÓN |
| campo de control |
20240826101228.0 |
| 007 - CAMPO FIJO DE DESCRIPCIÓN FÍSICA--INFORMACIÓN GENERAL |
| campo de control de longitud fija |
ta |
| 008 - DATOS DE LONGITUD FIJA--INFORMACIÓN GENERAL |
| campo de control de longitud fija |
240826s2024 dr r 000|0 0pspa d |
| 020 ## - NÚMERO INTERNACIONAL ESTÁNDAR DEL LIBRO |
| Número Internacional Estándar del Libro |
9789945511147 |
| 040 ## - FUENTE DE LA CATALOGACIÓN |
| Centro catalogador/agencia de origen |
DO-SdBNP |
| Lengua de catalogación |
spa |
| Centro/agencia transcriptor |
BNPHU |
| Normas de descripción |
rda |
| 082 ## - NÚMERO DE LA CLASIFICACIÓN DECIMAL DEWEY |
| Número de clasificación |
371.2 |
| Número de documento/Ítem |
I59g, 2024 |
| Número de edición |
22 |
| 110 2# - ENTRADA PRINCIPAL--NOMBRE DE ENTIDAD CORPORATIVA |
| Nombre de entidad corporativa o nombre de jurisdicción como elemento de entrada |
Instituto Tecnológico de Santo Domingo (INTEC) |
| 9 (RLIN) |
78911 |
| 245 00 - MENCIÓN DE TÍTULO |
| Título |
Guía para el desarrollo del acompañamiento pedagógico : |
| Resto del título |
de la maestría en gestión de centros educativos / |
| Mención de responsabilidad, etc. |
producción documental Katherine Mejía, Rebeca Rodríguez, Irene Machado Cruz |
| 250 ## - MENCIÓN DE EDICIÓN |
| Mención de edición |
1a. edición |
| 264 ## - PRODUCCIÓN, PUBLICACIÓN, DISTRIBUCIÓN, FABRICACIÓN Y COPYRIGHT |
| Producción, publicación, distribución, fabricación y copyright |
Santo Domingo : |
| Nombre del de productor, editor, distribuidor, fabricante |
Instituto Tecnológico de Santo Domingo, |
| Fecha de producción, publicación, distribución, fabricación o copyright |
2024. |
| 300 ## - DESCRIPCIÓN FÍSICA |
| Extensión |
38 páginas |
| Dimensiones |
28 cm. |
| 336 ## - TIPO DE CONTENIDO |
| Fuente |
rdacontent |
| Término de tipo de contenido |
texto |
| Código de tipo de contenido |
txt |
| 337 ## - TIPO DE MEDIO |
| Fuente |
rdamedia |
| Nombre/término del tipo de medio |
sin mediación |
| Código del tipo de medio |
n |
| 338 ## - TIPO DE SOPORTE |
| Fuente |
rdacarrier |
| Nombre/término del tipo de soporte |
volumen |
| Código del tipo de soporte |
nc |
| 504 ## - NOTA DE BIBLIOGRAFÍA, ETC. |
| Nota de bibliografía, etc. |
Bibliografía p: 25-26. |
| 505 2# - NOTA DE CONTENIDO CON FORMATO |
| Título |
Introducción -- |
| -- |
Fundamentación -- |
| -- |
Marco contextual -- |
| -- |
Objetivo del acompañamiento pedagógico -- |
| -- |
Competencias a desarrollar en el acompañamiento pedagógico -- |
| -- |
Estrategias de formación y acompañamiento -- |
| -- |
Ruta procedimental para el desarrollo del acompañamiento pedagógico -- |
| -- |
Organización del acompañamiento pedagógico por trimestre y su sistema instrumental -- |
| -- |
Protocolos para el desarrollo del acompañamiento --Roles y funciones de los actores del acompañamiento pedagógico -- |
| -- |
Glosario -- |
| -- |
Bibliografía -- |
| -- |
Anexos / |
| 590 ## - NOTA LOCAL (RLIN) |
| Nota local |
Inventariado, 2024/ YL |
| 650 #4 - PUNTO DE ACCESO ADICIONAL DE MATERIA--TÉRMINO DE MATERIA |
| Término de materia o nombre geográfico como elemento de entrada |
Innovaciones educativas |
| 9 (RLIN) |
77314 |
| Subdivisión geográfica |
República Dominicana |
| 650 #4 - PUNTO DE ACCESO ADICIONAL DE MATERIA--TÉRMINO DE MATERIA |
| Término de materia o nombre geográfico como elemento de entrada |
Educación superior |
| 9 (RLIN) |
77315 |
| Subdivisión geográfica |
República Dominicana |
| 700 1# - PUNTO DE ACCESO ADICIONAL--NOMBRE DE PERSONA |
| Nombre de persona |
Mejía, Katherine |
| Término indicativo de función/relación |
producción documental |
| 9 (RLIN) |
86401 |
| 700 1# - PUNTO DE ACCESO ADICIONAL--NOMBRE DE PERSONA |
| Nombre de persona |
Rodríguez, Rebeca |
| Término indicativo de función/relación |
producción documental |
| 9 (RLIN) |
86402 |
| 700 1# - PUNTO DE ACCESO ADICIONAL--NOMBRE DE PERSONA |
| Nombre de persona |
Machado Cruz, Irene |
| Término indicativo de función/relación |
producción documental |
| 9 (RLIN) |
82503 |
| 910 ## - DATOS DE OPCIÓN DEL USUARIO (OCLC) |
| Datos de opción del usuario |
YLockward |
| 942 ## - ELEMENTOS DE PUNTO DE ACCESO ADICIONAL (KOHA) |
| Fuente del sistema de clasificación o colocación |
Dewey Decimal Classification |
| Tipo de ítem Koha |
Folleto |